00363 2200145 4500001002100000005001500021035002000036245003400056100002400090300002300114260004400137082000600181084001200187020001800199INLIS00000000000023220221117120839 a0010-11220000101 aTwenty /cMalichatus Sa'diyah0 aMalichatus Sa'diyah a258 hlm. ;c20 cm. aJakarta :bElex Media Komputindo,c2021 aF aF MAL t a9786230025136